000 01716nam2a22002891 4500
001 rc\3488855
005 20250610023551.0
021 _aRU
_b[73-71973]
035 _a(NLR Aleph) 007648097
090 _a6198570
_c6198570
100 _a20130115d1973 |||y0rusy50 ca
101 0 _arus
102 _aRU
105 _ay z |||||
200 1 _aМалярные, обойные и стекольные работы
210 _d1973
_aБ. м.
215 _a30 с.
320 _aСписок лит.: с. 29
461 0 _1001rc\3488851
_12001#$aОтделочные работы$eКонспект лекций$e1-$fМ-во высш. сред. спец. образования СССР. Моск. инж.-строит. ин-т им. В.В. Куйбышева. Фак. повышения квалификации руководителей и специалистов строит. организаций$v4
_1700#1$aБелоусов$bЕ.Д.$gЕвгений Дмитриевич
_96198529
_aБелоусов, Е.Д.
_cМосква
_d1972-
_fМ-во высш. сред. спец. образования СССР. Моск. инж.-строит. ин-т им. В.В. Куйбышева. Фак. повышения квалификации руководителей и специалистов строит. организаций
_nБ. и.
_oКонспект лекций : 1-
_tОтделочные работы
_v4
606 _aОбойные работы (вып. 4)
_2psbo
606 _aСтекольные работы (вып. 4)
_2psbo
606 _aМалярные работы (вып. 4)
_2psbo
801 0 _aRU
_bNLR
_gpsbo
801 1 _aRU
_bELAR
_2rusmarc
852 _aNLR
_j72-4/23128
942 _cBOOK
980 _aNB